[Event "Titled Tuesday intern op 21st Dec"]
[Site "Chess.com INT"]
[Date "2021.12.21"]
[Round "4"]
[White "Postnikov, Daniil"]
[Black "Nasuta, Grzegorz"]
[Result "0-1"]
[WhiteElo "2360"]
[BlackElo "2521"]
[PlyCount "50"]
[EventDate "2021.12.21"]
[EventType "swiss (blitz)"]
[EventRounds "11"]
[EventCountry "USA"]
[SourceTitle "CBM 205 Extra"]
[Source "ChessBase"]
[SourceDate "2022.01.31"]
[SourceVersion "1"]
[SourceVersionDate "2022.01.31"]
[SourceQuality "1"]

1. e4 c5 2. Nf3 d6 3. Bb5+ Nd7 4. d4 cxd4 5. Qxd4 a6 6. Bxd7+ Bxd7 7. c4 e5 8. Qd3 h6 9. Nc3 Nf6 10. O-O Be7 11. a4 Be6 12. b3 O-O 13. Ba3 Qc7 14. Rfd1 Rfd8 15. Rac1 Rac8 16. Nd2 Rd7 17. Nf1 d5 18. Nxd5 Bxa3 19. Nxf6+ gxf6 20. Qg3+ Kf8 21. Rb1 Rxd1 22. Rxd1 Rd8 23. Ra1 Bc5 24. Qh4 Ke7 25. Qxh6 Qb6 0-1

[Event "Titled Tuesday intern op 21st Dec"]
[Site "Chess.com INT"]
[Date "2021.12.21"]
[Round "4"]
[White "Rangel, Daniel"]
[Black "Hasman, Cengiz"]
[Result "1-0"]
[WhiteElo "2196"]
[BlackElo "2101"]
[PlyCount "85"]
[EventDate "2021.12.21"]
[EventType "swiss (blitz)"]
[EventRounds "11"]
[EventCountry "USA"]
[SourceTitle "CBM 205 Extra"]
[Source "ChessBase"]
[SourceDate "2022.01.31"]
[SourceVersion "1"]
[SourceVersionDate "2022.01.31"]
[SourceQuality "1"]

1. e4 d6 2. d4 Nf6 3. Nc3 Nbd7 4. Nf3 e5 5. Bc4 Be7 6. O-O c6 7. a4 a5 8. Re1 Qc7 9. b3 h6 10. Ba3 Nf8 11. h3 Ng6 12. dxe5 dxe5 13. Bxe7 Qxe7 14. Qd3 O-O 15. Rad1 Be6 16. Bxe6 Qxe6 17. Ne2 Nh5 18. Ng3 Nxg3 19. fxg3 Qe7 20. Qd7 Rfe8 21. Rd6 Nf8 22. Qxe7 Rxe7 23. Red1 Rae8 24. Nh4 g6 25. Nf3 Kg7 26. Nd2 Re6 27. Nc4 Rxd6 28. Rxd6 Re7 29. Nxa5 Ne6 30. c3 Nc5 31. Rd8 Nxe4 32. Rb8 Nxc3 33. Rxb7 Re6 34. Nc4 e4 35. Kf2 e3+ 36. Nxe3 Ne4+ 37. Kf3 Nxg3 38. a5 Nh5 39. a6 c5 40. a7 Ra6 41. Nd5 Nf6 42. Nc7 Ra3 43. a8=Q 1-0

[Event "Titled Tuesday intern op 21st Dec"]
[Site "Chess.com INT"]
[Date "2021.12.21"]
[Round "4"]
[White "Rasulov, Vugar Ural Oglu"]
[Black "Katz, Alexander R"]
[Result "1-0"]
[WhiteElo "2453"]
[BlackElo "2401"]
[PlyCount "81"]
[EventDate "2021.12.21"]
[EventType "swiss (blitz)"]
[EventRounds "11"]
[EventCountry "USA"]
[SourceTitle "CBM 205 Extra"]
[Source "ChessBase"]
[SourceDate "2022.01.31"]
[SourceVersion "1"]
[SourceVersionDate "2022.01.31"]
[SourceQuality "1"]

1. d4 Nf6 2. c4 e6 3. Nc3 Bb4 4. Bd2 Bxc3 5. Bxc3 Ne4 6. Rc1 O-O 7. Nf3 d6 8. e3 Nc6 9. Be2 Nxc3 10. Rxc3 e5 11. O-O Bg4 12. h3 Bh5 13. b4 exd4 14. exd4 Nxb4 15. Rb3 c5 16. a3 Nc6 17. dxc5 dxc5 18. Rxb7 Qf6 19. Rb5 Rad8 20. Qa1 Qe7 21. Re1 a6 22. Rb6 Qc7 23. Rxa6 Qb7 24. Ra4 Rfe8 25. Qc3 Nd4 26. Nxd4 cxd4 27. Qd3 Bxe2 28. Rxe2 Rxe2 29. Qxe2 Qb3 30. Qe7 Rb8 31. Rb4 Qd1+ 32. Kh2 Rf8 33. c5 d3 34. Qd6 Qc2 35. Rd4 Qxf2 36. Rxd3 h5 37. c6 Qc2 38. c7 h4 39. Qxf8+ Kxf8 40. Rd8+ Ke7 41. c8=Q 1-0

[Event "Titled Tuesday intern op 21st Dec"]
[Site "Chess.com INT"]
[Date "2021.12.21"]
[Round "4"]
[White "Ristic, Nebojsa M"]
[Black "Srebrnic, Marko"]
[Result "1/2-1/2"]
[WhiteElo "2353"]
[BlackElo "2372"]
[PlyCount "150"]
[EventDate "2021.12.21"]
[EventType "swiss (blitz)"]
[EventRounds "11"]
[EventCountry "USA"]
[SourceTitle "CBM 205 Extra"]
[Source "ChessBase"]
[SourceDate "2022.01.31"]
[SourceVersion "1"]
[SourceVersionDate "2022.01.31"]
[SourceQuality "1"]

1. d4 Nf6 2. Bf4 d6 3. Nc3 Nbd7 4. Nf3 c5 5. d5 a6 6. a4 Rb8 7. e4 g6 8. Nd2 Bg7 9. Be2 O-O 10. O-O Ne8 11. a5 b5 12. axb6 Nxb6 13. Bxa6 Nc7 14. Bxc8 Qxc8 15. Qe2 Nd7 16. Ra2 Bxc3 17. bxc3 Nb5 18. Qd3 c4 19. Qxc4 Qxc4 20. Nxc4 Nxc3 21. Ra7 Nc5 22. Bh6 Rfe8 23. f3 Rb4 24. Na5 Ra4 25. Nc6 Rxa7 26. Nxa7 e6 27. dxe6 fxe6 28. Nc6 Ra8 29. Be3 Ra2 30. Bxc5 dxc5 31. Nd8 Rxc2 32. Nxe6 c4 33. g3 Ne2+ 34. Kh1 c3 35. Nc5 Rd2 36. Rf2 c2 37. Nb3 Rd1+ 38. Kg2 Rg1+ 39. Kh3 c1=Q 40. Nxc1 Nxc1 41. Rd2 h5 42. f4 Re1 43. e5 Ne2 44. Kh4 Kf7 45. Rd7+ Ke6 46. Rd6+ Kf7 47. Kg5 Rh1 48. Rf6+ Ke7 49. Kxg6 Rxh2 50. Rf7+ Ke6 51. Rf6+ Ke7 52. f5 Nxg3 53. Rf7+ Ke8 54. e6 Ne4 55. f6 Rg2+ 56. Kxh5 Ng3+ 57. Kg4 Ne4+ 58. Kf3 Ng5+ 59. Kxg2 Nxf7 60. Kf3 Nd6 61. Kf4 Nb7 62. Kf5 Nc5 63. Ke5 Nd3+ 64. Kf5 Nc5 65. Ke5 Nd3+ 66. Kd6 Nf4 67. f7+ Kf8 68. e7+ Kxf7 69. Kd7 Ng6 70. e8=Q+ Kf6 71. Qe6+ Kg5 72. Kd6 Nf4 73. Qe5+ Kg4 74. Ke7 Ng6+ 75. Kf6 Nxe5 1/2-1/2

[Event "Titled Tuesday intern op 21st Dec"]
[Site "Chess.com INT"]
[Date "2021.12.21"]
[Round "4"]
[White "Rodchenkov, Vitaly"]
[Black "Silvestre, Christian"]
[Result "1-0"]
[WhiteElo "2330"]
[BlackElo "1942"]
[PlyCount "87"]
[EventDate "2021.12.21"]
[EventType "swiss (blitz)"]
[EventRounds "11"]
[EventCountry "USA"]
[SourceTitle "CBM 205 Extra"]
[Source "ChessBase"]
[SourceDate "2022.01.31"]
[SourceVersion "1"]
[SourceVersionDate "2022.01.31"]
[SourceQuality "1"]

1. e4 c6 2. d4 d5 3. exd5 cxd5 4. c4 dxc4 5. Bxc4 Qc7 6. Bb3 Bg4 7. Nf3 Bxf3 8. gxf3 Nf6 9. Nc3 a6 10. O-O Nbd7 11. Bg5 h6 12. Bh4 e6 13. Rc1 Qf4 14. Bg3 Qf5 15. d5 e5 16. Re1 Bb4 17. Bc2 Qh5 18. f4 Qxd1 19. Rcxd1 e4 20. f3 e3 21. Rxe3+ Kf8 22. Kg2 Nh5 23. f5 Nxg3 24. hxg3 Rc8 25. Bb3 Nf6 26. Ne4 Nxe4 27. fxe4 f6 28. d6 Rd8 29. d7 Ke7 30. e5 Rhf8 31. e6 Bd6 32. Bd5 b6 33. Kf3 Be5 34. b3 a5 35. a4 g6 36. fxg6 Rg8 37. Be4 Kxe6 38. Bd5+ Ke7 39. Bxg8 Rxg8 40. Rxe5+ fxe5 41. d8=Q+ Rxd8 42. Rxd8 Kxd8 43. g7 Ke7 44. g8=Q 1-0

[Event "Titled Tuesday intern op 21st Dec"]
[Site "Chess.com INT"]
[Date "2021.12.21"]
[Round "4"]
[White "Rozen, Eytan"]
[Black "Vivas Zamora, Fabian Ernesto"]
[Result "0-1"]
[WhiteElo "2371"]
[BlackElo "2344"]
[PlyCount "90"]
[EventDate "2021.12.21"]
[EventType "swiss (blitz)"]
[EventRounds "11"]
[EventCountry "USA"]
[SourceTitle "CBM 205 Extra"]
[Source "ChessBase"]
[SourceDate "2022.01.31"]
[SourceVersion "1"]
[SourceVersionDate "2022.01.31"]
[SourceQuality "1"]

1. d4 Nf6 2. c4 g6 3. Nc3 d5 4. cxd5 Nxd5 5. e4 Nxc3 6. bxc3 Bg7 7. Bc4 c5 8. Ne2 Nc6 9. Be3 O-O 10. O-O b6 11. Qd2 Bb7 12. Rfd1 cxd4 13. cxd4 Rc8 14. Rac1 Na5 15. Bd3 Qd7 16. h4 Rxc1 17. Rxc1 Rc8 18. h5 Rxc1+ 19. Qxc1 e6 20. Bh6 Bxh6 21. Qxh6 Nc6 22. Qe3 Nb4 23. Bb1 Qa4 24. Nc3 Qa3 25. h6 Nc6 26. d5 exd5 27. exd5 Ne7 28. Kh2 Qd6+ 29. g3 Nxd5 30. Qe8+ Qf8 31. Qe5 Qxh6+ 32. Kg1 Nxc3 33. Qb8+ Qf8 34. Qxb7 Qc5 35. Qxa7 Ne2+ 36. Kf1 Nd4 37. Qb8+ Kg7 38. Kg2 Qd5+ 39. Kh2 Qh5+ 40. Kg2 Qf3+ 41. Kh2 Qxf2+ 42. Kh3 Qf1+ 43. Kg4 h5+ 44. Kh4 Qh1+ 45. Kg5 Ne6# 0-1

[Event "Titled Tuesday intern op 21st Dec"]
[Site "Chess.com INT"]
[Date "2021.12.21"]
[Round "4"]
[White "Rusan, Paul Cristian"]
[Black "Berezin, Viktor1"]
[Result "1-0"]
[WhiteElo "2112"]
[BlackElo "2307"]
[PlyCount "87"]
[EventDate "2021.12.21"]
[EventType "swiss (blitz)"]
[EventRounds "11"]
[EventCountry "USA"]
[SourceTitle "CBM 205 Extra"]
[Source "ChessBase"]
[SourceDate "2022.01.31"]
[SourceVersion "1"]
[SourceVersionDate "2022.01.31"]
[SourceQuality "1"]

1. e4 d5 2. exd5 Nf6 3. d4 Bg4 4. f3 Bh5 5. c4 c6 6. Nc3 cxd5 7. g4 Bg6 8. g5 Nh5 9. f4 e6 10. Be2 dxc4 11. Bxh5 Nc6 12. Bxg6 hxg6 13. Nf3 Nb4 14. Qa4+ Qd7 15. Qxd7+ Kxd7 16. Ne5+ Ke7 17. Kd1 Rd8 18. Be3 Rh3 19. Kd2 Rxe3 20. Kxe3 Nc2+ 21. Ke4 Rxd4+ 22. Kf3 Nxa1 23. Rxa1 Ke8 24. Rd1 Rxd1 25. Nxd1 b5 26. a4 a6 27. axb5 axb5 28. Nc3 b4 29. Ne4 Be7 30. Nxc4 f6 31. h4 Kd7 32. b3 Kc6 33. Ke3 Kd5 34. Kd3 e5 35. fxe5 fxe5 36. Ne3+ Ke6 37. Kc4 Bf8 38. Kb5 Be7 39. Kc6 Bf8 40. Nc5+ Ke7 41. Nd5+ Kf7 42. Nxb4 e4 43. Nd5 Ke8 44. Nxe4 1-0

[Event "Titled Tuesday intern op 21st Dec"]
[Site "Chess.com INT"]
[Date "2021.12.21"]
[Round "4"]
[White "Sadhwani, Raunak"]
[Black "Gaehwiler, Gabriel"]
[Result "1-0"]
[WhiteElo "2616"]
[BlackElo "2400"]
[PlyCount "65"]
[EventDate "2021.12.21"]
[EventType "swiss (blitz)"]
[EventRounds "11"]
[EventCountry "USA"]
[SourceTitle "CBM 205 Extra"]
[Source "ChessBase"]
[SourceDate "2022.01.31"]
[SourceVersion "1"]
[SourceVersionDate "2022.01.31"]
[SourceQuality "1"]

1. c4 Nf6 2. Nc3 g6 3. g3 Bg7 4. Bg2 O-O 5. d4 d6 6. Nf3 c6 7. O-O Bf5 8. Ng5 e5 9. dxe5 dxe5 10. Nge4 Bxe4 11. Nxe4 Nxe4 12. Bxe4 Nd7 13. Bg2 Nc5 14. Be3 Ne6 15. Rb1 Qe7 16. b4 f5 17. Qb3 Kh8 18. Rbd1 f4 19. Bc1 Nd4 20. Qd3 Qxb4 21. Ba3 Nxe2+ 22. Kh1 Qc3 23. Bxf8 Rxf8 24. Qxe2 f3 25. Bxf3 Qxf3+ 26. Qxf3 Rxf3 27. Rd7 e4 28. Rxb7 Bd4 29. Rd1 c5 30. Rd2 a5 31. Kg2 h5 32. Re7 Rc3 33. Rb2 1-0

[Event "Titled Tuesday intern op 21st Dec"]
[Site "Chess.com INT"]
[Date "2021.12.21"]
[Round "4"]
[White "Sadykov, Ramil"]
[Black "Gritsenko, Nikolai"]
[Result "0-1"]
[WhiteElo "2345"]
[BlackElo "2309"]
[PlyCount "88"]
[EventDate "2021.12.21"]
[EventType "swiss (blitz)"]
[EventRounds "11"]
[EventCountry "USA"]
[SourceTitle "CBM 205 Extra"]
[Source "ChessBase"]
[SourceDate "2022.01.31"]
[SourceVersion "1"]
[SourceVersionDate "2022.01.31"]
[SourceQuality "1"]

1. e4 d6 2. Nc3 Nf6 3. d4 g6 4. Bg5 Bg7 5. Qd2 h6 6. Bh4 g5 7. Bg3 Nh5 8. Nge2 Nd7 9. O-O-O c5 10. dxc5 Nxc5 11. f3 Nxg3 12. hxg3 Qa5 13. Nd4 Bd7 14. Kb1 Rc8 15. Bc4 a6 16. Rhe1 b5 17. Nb3 Qb4 18. Bd5 Nxb3 19. cxb3 Bxc3 20. bxc3 Qxc3 21. Qf2 Rc5 22. Re3 Qg7 23. e5 O-O 24. g4 Rfc8 25. e6 fxe6 26. Bxe6+ Bxe6 27. Rxe6 Re5 28. Re1 Rxe6 29. Rxe6 Qc3 30. Re1 Qd3+ 31. Kb2 e5 32. Qe2 Qxe2+ 33. Rxe2 Kf7 34. Rd2 Ke6 35. a4 b4 36. Re2 d5 37. Rd2 d4 38. Re2 d3 39. Rd2 Rc3 40. Rd1 Kd5 41. Rd2 Kd4 42. g3 Ke3 43. Rh2 d2 44. Rh1 Kxf3 0-1

[Event "Titled Tuesday intern op 21st Dec"]
[Site "Chess.com INT"]
[Date "2021.12.21"]
[Round "4"]
[White "Savchenko, Boris"]
[Black "Plotnikov, Pavel"]
[Result "1-0"]
[WhiteElo "2535"]
[BlackElo "2297"]
[PlyCount "79"]
[EventDate "2021.12.21"]
[EventType "swiss (blitz)"]
[EventRounds "11"]
[EventCountry "USA"]
[SourceTitle "CBM 205 Extra"]
[Source "ChessBase"]
[SourceDate "2022.01.31"]
[SourceVersion "1"]
[SourceVersionDate "2022.01.31"]
[SourceQuality "1"]

1. e4 c5 2. Nf3 e6 3. d4 cxd4 4. Nxd4 Nf6 5. Nc3 Nc6 6. Nxc6 bxc6 7. e5 Nd5 8. Ne4 Qc7 9. f4 Rb8 10. c4 Bb4+ 11. Ke2 O-O 12. cxd5 cxd5 13. Nd6 f6 14. Nxc8 fxe5 15. a3 Bc5 16. b4 Bd4 17. Rb1 Rbxc8 18. Qd3 Bb6 19. Kd1 e4 20. Qb3 d4 21. Ba6 Rb8 22. Re1 d5 23. Rb2 Qd6 24. Rc2 d3 25. Bxd3 exd3 26. Qxd3 Rbc8 27. g3 Rxc2 28. Kxc2 Rc8+ 29. Kb3 d4 30. Qe4 Kf7 31. Bb2 Qc7 32. Qxe6+ Kf8 33. Rc1 Qxc1 34. Bxc1 Rxc1 35. a4 Rc3+ 36. Kb2 Rf3 37. a5 Bd8 38. Qf5+ Bf6 39. Qc8+ Kf7 40. Qb7+ 1-0

[Event "Titled Tuesday intern op 21st Dec"]
[Site "Chess.com INT"]
[Date "2021.12.21"]
[Round "4"]
[White "Sawyer, Bradley J"]
[Black "Artemenko, Oleg"]
[Result "1/2-1/2"]
[WhiteElo "2172"]
[BlackElo "2246"]
[PlyCount "69"]
[EventDate "2021.12.21"]
[EventType "swiss (blitz)"]
[EventRounds "11"]
[EventCountry "USA"]
[SourceTitle "CBM 205 Extra"]
[Source "ChessBase"]
[SourceDate "2022.01.31"]
[SourceVersion "1"]
[SourceVersionDate "2022.01.31"]
[SourceQuality "1"]

1. e4 e6 2. d4 d5 3. Nc3 Nf6 4. Bg5 Bb4 5. exd5 Qxd5 6. Bxf6 gxf6 7. Qd2 Qa5 8. Nge2 c5 9. a3 cxd4 10. Qxd4 Be7 11. g3 Nc6 12. Qe3 e5 13. Bg2 Be6 14. O-O Qc5 15. Qh6 f5 16. b4 Qc4 17. b5 Nd4 18. Nxd4 exd4 19. Bxb7 Rc8 20. Bc6+ Rxc6 21. bxc6 Qxc3 22. Rab1 Bd6 23. Rb7 Qxc6 24. Rfb1 f4 25. Rb8+ Bxb8 26. Rxb8+ Kd7 27. Rxh8 Qxc2 28. Qxf4 Qd1+ 29. Kg2 Bd5+ 30. Kh3 Qh5+ 31. Qh4 Be6+ 32. Kg2 Bd5+ 33. Kh3 Be6+ 34. Kg2 Bd5+ 35. Kh3 1/2-1/2

[Event "Titled Tuesday intern op 21st Dec"]
[Site "Chess.com INT"]
[Date "2021.12.21"]
[Round "4"]
[White "Schut, Han"]
[Black "Migot, Tangi"]
[Result "0-1"]
[WhiteElo "2101"]
[BlackElo "2353"]
[PlyCount "52"]
[EventDate "2021.12.21"]
[EventType "swiss (blitz)"]
[EventRounds "11"]
[EventCountry "USA"]
[SourceTitle "CBM 205 Extra"]
[Source "ChessBase"]
[SourceDate "2022.01.31"]
[SourceVersion "1"]
[SourceVersionDate "2022.01.31"]
[SourceQuality "1"]

1. e4 c5 2. Nf3 a6 3. c4 d6 4. d4 Bg4 5. Be3 Nc6 6. Be2 Bxf3 7. Bxf3 Nxd4 8. Bxd4 cxd4 9. Qxd4 Rc8 10. Nc3 Qa5 11. Qd2 Rxc4 12. O-O Nf6 13. e5 dxe5 14. Bxb7 e6 15. Rfd1 Bb4 16. Qe2 Rc7 17. Qxa6 Qxa6 18. Bxa6 Bxc3 19. bxc3 Ke7 20. c4 Ra8 21. Bb5 Ra3 22. Rdb1 Ne4 23. Rb3 Rca7 24. Rxa3 Rxa3 25. h3 Nc3 26. Rc1 Ne2+ 0-1

[Event "Titled Tuesday intern op 21st Dec"]
[Site "Chess.com INT"]
[Date "2021.12.21"]
[Round "4"]
[White "Serikbay, Assel"]
[Black "Stead, Kerry"]
[Result "1-0"]
[WhiteElo "2263"]
[BlackElo "1978"]
[PlyCount "63"]
[EventDate "2021.12.21"]
[EventType "swiss (blitz)"]
[EventRounds "11"]
[EventCountry "USA"]
[SourceTitle "CBM 205 Extra"]
[Source "ChessBase"]
[SourceDate "2022.01.31"]
[SourceVersion "1"]
[SourceVersionDate "2022.01.31"]
[SourceQuality "1"]

1. e4 c6 2. d4 d5 3. e5 Bf5 4. h4 h5 5. Bd3 Bxd3 6. Qxd3 e6 7. Bg5 Qb6 8. Nd2 c5 9. dxc5 Bxc5 10. O-O-O Nc6 11. f4 Nge7 12. Ngf3 Nf5 13. Nb3 Nb4 14. Qe2 Ng3 15. Qe1 Nxh1 16. Qxh1 Nxa2+ 17. Kb1 Nb4 18. f5 Rc8 19. fxe6 fxe6 20. Qh3 O-O 21. Nfd4 Bxd4 22. Nxd4 Rce8 23. c3 Nc6 24. Nf3 Rf5 25. g4 hxg4 26. Qxg4 Qc7 27. Bf6 Rf8 28. Qg6 R5xf6 29. exf6 Rxf6 30. Qe8+ Kh7 31. Ng5+ Kh6 32. Rg1 1-0

[Event "Titled Tuesday intern op 21st Dec"]
[Site "Chess.com INT"]
[Date "2021.12.21"]
[Round "4"]
[White "Shapiro, Daniel E"]
[Black "Kakabayaev, Mergen"]
[Result "0-1"]
[WhiteElo "2284"]
[BlackElo "2285"]
[PlyCount "76"]
[EventDate "2021.12.21"]
[EventType "swiss (blitz)"]
[EventRounds "11"]
[EventCountry "USA"]
[SourceTitle "CBM 205 Extra"]
[Source "ChessBase"]
[SourceDate "2022.01.31"]
[SourceVersion "1"]
[SourceVersionDate "2022.01.31"]
[SourceQuality "1"]

1. d4 d5 2. c4 c6 3. Nf3 Nf6 4. Qb3 e6 5. Bg5 Nbd7 6. e3 Be7 7. Nc3 O-O 8. Bd3 a6 9. Rd1 b5 10. c5 e5 11. Bb1 exd4 12. exd4 Nh5 13. Qc2 g6 14. h4 Bxg5 15. hxg5 Re8+ 16. Kf1 b4 17. Rxh5 bxc3 18. Rh4 cxb2 19. Rd3 a5 20. Kg1 Ba6 21. Re3 Rb8 22. Rg4 Re6 23. Nh2 Qe7 24. Qd2 Rxe3 25. fxe3 f5 26. gxf6 Nxf6 27. Rf4 a4 28. Qa5 Bb5 29. Qc3 Bc4 30. Rf2 Ne4 31. Qa3 Nxf2 32. Kxf2 Qf6+ 33. Nf3 g5 34. Ke1 g4 35. Nd2 Rf8 36. Nxc4 Qf1+ 37. Kd2 Rf2+ 38. Kc3 Qxc4# 0-1

[Event "Titled Tuesday intern op 21st Dec"]
[Site "Chess.com INT"]
[Date "2021.12.21"]
[Round "4"]
[White "Shubin, Daniel"]
[Black "Cruz Mendez, Jean Marcos"]
[Result "0-1"]
[WhiteElo "2080"]
[BlackElo "2018"]
[PlyCount "46"]
[EventDate "2021.12.21"]
[EventType "swiss (blitz)"]
[EventRounds "11"]
[EventCountry "USA"]
[SourceTitle "CBM 205 Extra"]
[Source "ChessBase"]
[SourceDate "2022.01.31"]
[SourceVersion "1"]
[SourceVersionDate "2022.01.31"]
[SourceQuality "1"]

1. e4 c5 2. Nf3 Nc6 3. d4 cxd4 4. Nxd4 Nf6 5. Nc3 d6 6. Be3 Ng4 7. Bg5 Qb6 8. Be3 Nxe3 9. fxe3 Qxb2 10. Ncb5 Qb4+ 11. c3 Qa5 12. Bc4 Ne5 13. Bd5 a6 14. O-O axb5 15. c4 e6 16. Nxb5 exd5 17. exd5 Be7 18. Qh5 O-O 19. Nd4 Qc3 20. Nf5 Bxf5 21. Rxf5 Qxe3+ 22. Kh1 g6 23. Raf1 gxh5 0-1

[Event "Titled Tuesday intern op 21st Dec"]
[Site "Chess.com INT"]
[Date "2021.12.21"]
[Round "4"]
[White "Shuvalova, Polina"]
[Black "Alfaro Caracas, William"]
[Result "1/2-1/2"]
[WhiteElo "2516"]
[BlackElo "2152"]
[PlyCount "110"]
[EventDate "2021.12.21"]
[EventType "swiss (blitz)"]
[EventRounds "11"]
[EventCountry "USA"]
[SourceTitle "CBM 205 Extra"]
[Source "ChessBase"]
[SourceDate "2022.01.31"]
[SourceVersion "1"]
[SourceVersionDate "2022.01.31"]
[SourceQuality "1"]

1. d4 Nf6 2. Nf3 g6 3. g3 Bg7 4. Bg2 O-O 5. O-O d6 6. c3 Nc6 7. Nbd2 e5 8. dxe5 Nxe5 9. Nxe5 dxe5 10. Nc4 Qe7 11. b3 Re8 12. Ba3 Qe6 13. Qc2 e4 14. Rad1 Nd5 15. Bb2 c6 16. Ne3 Nxe3 17. fxe3 Qe5 18. Rd4 f5 19. c4 Qe7 20. Rd2 Bxb2 21. Qxb2 Be6 22. Rfd1 a5 23. Kf2 a4 24. Qe5 axb3 25. axb3 Ra3 26. Qc3 b5 27. cxb5 cxb5 28. Rb2 b4 29. Qe5 Raa8 30. Rd6 Bf7 31. Qd4 Red8 32. Rxd8+ Rxd8 33. Qb6 Qd6 34. Qa5 Rb8 35. Qa7 Rc8 36. Qb7 Rc3 37. Qa8+ Kg7 38. Qa7 Qc5 39. Qxc5 Rxc5 40. g4 Rc3 41. gxf5 gxf5 42. Kg3 Kf6 43. Kf4 Rxb3 44. Rd2 Rc3 45. Rd6+ Be6 46. Rb6 b3 47. Bh3 Rc5 48. Bg2 Ke7 49. h4 h6 50. h5 Kd7 51. Bh3 Ke7 52. Rb7+ Kf6 53. Rb6 Ke7 54. Rb4 Kd6 55. Rb6+ Ke7 1/2-1/2

[Event "Titled Tuesday intern op 21st Dec"]
[Site "Chess.com INT"]
[Date "2021.12.21"]
[Round "4"]
[White "Sidorika, Vladislav"]
[Black "Onischuk, Vladimir"]
[Result "1/2-1/2"]
[WhiteElo "2278"]
[BlackElo "2620"]
[PlyCount "73"]
[EventDate "2021.12.21"]
[EventType "swiss (blitz)"]
[EventRounds "11"]
[EventCountry "USA"]
[SourceTitle "CBM 205 Extra"]
[Source "ChessBase"]
[SourceDate "2022.01.31"]
[SourceVersion "1"]
[SourceVersionDate "2022.01.31"]
[SourceQuality "1"]

1. c4 g6 2. g3 Bg7 3. Bg2 d6 4. Nc3 Nf6 5. Nf3 O-O 6. O-O e5 7. Rb1 a5 8. a3 Nc6 9. b4 axb4 10. axb4 Re8 11. b5 Nd4 12. d3 Bg4 13. e3 Nxf3+ 14. Bxf3 Bxf3 15. Qxf3 Qc8 16. Nd5 Nxd5 17. cxd5 b6 18. e4 Qd7 19. Be3 Ra5 20. Rfc1 Rea8 21. Rc6 R8a7 22. Qd1 f5 23. Kg2 Bf6 24. Qf3 Bd8 25. h4 Ra3 26. Bg5 fxe4 27. Qxe4 Bxg5 28. hxg5 Qf7 29. Rbc1 Rb3 30. d4 Rb4 31. Qg4 Qxd5+ 32. Kg1 Qf7 33. Qc8+ Qf8 34. Qe6+ Qf7 35. Qc8+ Qf8 36. Qe6+ Qf7 37. Qc8+ 1/2-1/2

[Event "Titled Tuesday intern op 21st Dec"]
[Site "Chess.com INT"]
[Date "2021.12.21"]
[Round "4"]
[White "Sowa, Ryan"]
[Black "Bentivegna, Francesco"]
[Result "1-0"]
[WhiteElo "2067"]
[BlackElo "2281"]
[PlyCount "67"]
[EventDate "2021.12.21"]
[EventType "swiss (blitz)"]
[EventRounds "11"]
[EventCountry "USA"]
[SourceTitle "CBM 205 Extra"]
[Source "ChessBase"]
[SourceDate "2022.01.31"]
[SourceVersion "1"]
[SourceVersionDate "2022.01.31"]
[SourceQuality "1"]

1. Nf3 d5 2. d4 Nc6 3. Bf4 Bg4 4. e3 e6 5. Bb5 Bd6 6. Bg3 Nf6 7. c4 O-O 8. Bxc6 bxc6 9. c5 Bxg3 10. hxg3 Nd7 11. Nbd2 e5 12. Qc2 h6 13. Nxe5 Nxe5 14. dxe5 Re8 15. f4 f6 16. Qg6 h5 17. Nf3 Rb8 18. b3 Bxf3 19. gxf3 fxe5 20. Rxh5 Qe7 21. Qh7+ Kf7 22. Rf5+ Ke6 23. Qg6+ Kd7 24. Rf7 Kd8 25. Rxe7 Rxe7 26. fxe5 Rxe5 27. Qxg7 Re7 28. Qf8+ Re8 29. Qf4 Kc8 30. O-O-O Re7 31. e4 Rd7 32. Qf5 Kd8 33. exd5 cxd5 34. Rxd5 1-0

[Event "Titled Tuesday intern op 21st Dec"]
[Site "Chess.com INT"]
[Date "2021.12.21"]
[Round "4"]
[White "Stoleriu, George"]
[Black "Franca, Willian Bento"]
[Result "1-0"]
[WhiteElo "2419"]
[BlackElo "2179"]
[PlyCount "53"]
[EventDate "2021.12.21"]
[EventType "swiss (blitz)"]
[EventRounds "11"]
[EventCountry "USA"]
[SourceTitle "CBM 205 Extra"]
[Source "ChessBase"]
[SourceDate "2022.01.31"]
[SourceVersion "1"]
[SourceVersionDate "2022.01.31"]
[SourceQuality "1"]

1. e4 d6 2. d4 Nf6 3. Nc3 g6 4. Be3 c6 5. Qd2 Nbd7 6. f3 b5 7. a4 b4 8. Na2 a5 9. c3 Bg7 10. cxb4 axb4 11. Nxb4 Bb7 12. h4 O-O 13. Nh3 Qa5 14. Nc2 Qxd2+ 15. Kxd2 c5 16. Bb5 Ba6 17. Bxa6 Rxa6 18. b4 Rfa8 19. bxc5 dxc5 20. dxc5 Ne5 21. Ke2 Nfd7 22. Rhd1 Kf8 23. Nf4 e6 24. Nb4 Rxa4 25. Rxa4 Rxa4 26. c6 Nf6 27. c7 1-0

[Event "Titled Tuesday intern op 21st Dec"]
[Site "Chess.com INT"]
[Date "2021.12.21"]
[Round "4"]
[White "Tahbaz, Arash"]
[Black "Hnydiuk, Aleksander"]
[Result "1-0"]
[WhiteElo "2468"]
[BlackElo "2394"]
[PlyCount "53"]
[EventDate "2021.12.21"]
[EventType "swiss (blitz)"]
[EventRounds "11"]
[EventCountry "USA"]
[SourceTitle "CBM 205 Extra"]
[Source "ChessBase"]
[SourceDate "2022.01.31"]
[SourceVersion "1"]
[SourceVersionDate "2022.01.31"]
[SourceQuality "1"]

1. e4 c5 2. Nf3 d6 3. d4 cxd4 4. Nxd4 Nf6 5. f3 e5 6. Bb5+ Nbd7 7. Nf5 d5 8. exd5 a6 9. Ba4 b5 10. Bb3 Nb6 11. Ne3 Bc5 12. Nc3 Bb7 13. Qe2 O-O 14. Bd2 b4 15. Ncd1 Nbxd5 16. Nxd5 Nxd5 17. Nf2 Qh4 18. g3 Qd4 19. Nd3 Bb6 20. O-O-O Ne3 21. Rde1 Nc4 22. Bxb4 Rfe8 23. Bc3 Qd5 24. Nxe5 Rac8 25. Bxc4 Rxc4 26. Qxc4 Rxe5 27. Rxe5 1-0